Urbanismo y planificación urbana

Bibliographische Detailangaben
1. Verfasser: Arenas Hernández, Oscar
Format: Paket
Sprache:Spanish
Schriftenreihe:Ciencia y Tecnica no. 2
Schlagworte:

MARC

LEADER 00000csc a2200000 a 4500
001 73305
005 20230308211656.0
008 000000|1965 ||||||||r|||||||||||spa||
040 |b spa 
041 1 |a spa 
082 0 |a 711 
100 1 |a Arenas Hernández, Oscar  |9 36523 
245 |a Urbanismo y planificación urbana  |c Oscar Arenas Hernández  |h imp 
264 |a México  |b Patronato de publicaciones del Instituto Politécnico Nacional  |c 1965 
300 |a 96 páginas:  |b ilu  |c 17 cm 
490 |a Ciencia y Tecnica  |p Tecnología  |v no. 2 
504 |a incl. ref. 
650 |a Urbanismo  |9 110 
650 |a Planificacion urbana  |9 932 
852 |a UC-CDJBV  |c ESTANTERIA CERRADA  |f Compra  |k mariana.quezada  |l 1  |m General  |p 00000000  |r 2  |t 73305  |b 0  |d CDRC  |e CDRC  |g 711 ESTANTERIA CERRADA  |z 0000-00-00 
942
999 |c 119476  |d 119476